[Event "St Petersburg March op"]
[Site "St Petersburg"]
[Date "2009.04.08"]
[Round "8"]
[White "Egorova, Natalia"]
[Black "Grigoriev, Yury Z"]
[Result "0-1"]
[WhiteElo "1656"]
[BlackElo "2060"]
[PlyCount "122"]
[EventDate "2009.03.30"]
[EventType "swiss"]
[EventRounds "9"]
[EventCountry "RUS"]
[SourceTitle "EXT 2012"]
[Source "ChessBase"]
[SourceDate "2011.11.24"]
[SourceVersion "1"]
[SourceVersionDate "2011.11.24"]
[SourceQuality "1"]

1. c4 e6 2. b3 Nf6 3. Bb2 Be7 4. Nf3 0-0 5. g3 d5 6. d3 c5 7. Bg2 Nc6 8. 0-0 d4 9. Nbd2 Qc7 10. Re1 e5 11. a3 a5 12. e4 g6 13. Nf1 Nh5 14. Bc1 Ng7 15. Bh6 f5 16. exf5 gxf5 17. Ng5 Bxg5 18. Bxg5 Re8 19. Bd5+ Kh8 20. Bf6 Qd6 21. Bxg7+ Kxg7 22. Qh5 Qg6 23. Qxg6+ hxg6 24. Nd2 Bd7 25. Nf3 Kf6 26. h4 Re7 27. Ng5 Rae8 28. f3 b6 29. Kf2 Rg7 30. f4 exf4 31. gxf4 Rge7 32. Rxe7 Rxe7 33. Re1 Rxe1 34. Kxe1 Ne7 35. Bf3 a4 36. Bd1 axb3 37. Bxb3 Bc6 38. Kf2 Ng8 39. Nf3 Bxf3 40. Kxf3 Nh6 41. Bd1 Ng4 42. Bb3 Ne3 43. Ba4 Kg7 44. Kf2 Kh6 45. Kg3 Kh5 46. Kh3 Kh6 47. Bb3 Nf1 48. Bd1 Nd2 49. Bc2 Nf1 50. Bd1 Kg7 51. Ba4 Kf6 52. Bd1 Ke6 53. h5 Ne3 54. Be2 Nc2 55. a4 gxh5 56. Bxh5 Nb4 57. Be2 Na2 58. Bd1 Nc3 59. Bf3 Nxa4 60. Bd5+ Kf6 61. Kg3 Nb2 0-1

[Event "St Petersburg March op"]
[Site "St Petersburg"]
[Date "2009.04.06"]
[Round "6"]
[White "Grigoriev, Yury Z"]
[Black "Khakimov, Timur"]
[Result "0-1"]
[WhiteElo "2060"]
[BlackElo "2291"]
[PlyCount "88"]
[EventDate "2009.03.30"]
[EventType "swiss"]
[EventRounds "9"]
[EventCountry "RUS"]
[SourceTitle "EXT 2012"]
[Source "ChessBase"]
[SourceDate "2011.11.24"]
[SourceVersion "1"]
[SourceVersionDate "2011.11.24"]
[SourceQuality "1"]

1. d4 d5 2. c4 c6 3. cxd5 cxd5 4. Nf3 Nc6 5. Nc3 Nf6 6. Bf4 a6 7. e3 Bg4 8. Be2 e6 9. Ne5 Bxe2 10. Qxe2 Bb4 11. Nxc6 bxc6 12. 0-0 Bxc3 13. bxc3 0-0 14. c4 Ne4 15. Rfc1 Qb6 16. Rab1 Qa5 17. cxd5 cxd5 18. Rc2 Rfc8 19. Rbc1 Rc3 20. Rxc3 Nxc3 21. Qb2 Rc8 22. Kf1 Qa4 23. Qb3 Qc4+ 24. Qxc4 Rxc4 25. Rc2 f6 26. f3 g5 27. Bg3 Nd1 28. Re2 Rc1 29. Be1 f5 30. g3 a5 31. Kg2 a4 32. Bb4 Rb1 33. a3 Rb3 34. e4 g4 35. fxg4 fxe4 36. h4 Ne3+ 37. Kf2 Nc4 38. Ra2 Kf7 39. Kg2 e5 40. dxe5 Nxe5 41. Rc2 d4 42. Rc7+ Ke6 43. Rxh7 Rb2+ 44. Kf1 e3 0-1

[Event "St Petersburg March op"]
[Site "St Petersburg"]
[Date "2009.03.30"]
[Round "1"]
[White "Grigoriev, Yury Z"]
[Black "Alekseev, Andrey"]
[Result "1-0"]
[WhiteElo "2060"]
[BlackElo "2340"]
[PlyCount "91"]
[EventDate "2009.03.30"]
[EventType "swiss"]
[EventRounds "9"]
[EventCountry "RUS"]
[SourceTitle "EXT 2012"]
[Source "ChessBase"]
[SourceDate "2011.11.24"]
[SourceVersion "1"]
[SourceVersionDate "2011.11.24"]
[SourceQuality "1"]

1. d4 Nf6 2. c4 e6 3. Nf3 d5 4. cxd5 exd5 5. Nc3 Be7 6. Qc2 c6 7. Bg5 0-0 8. e3 Re8 9. Bd3 h6 10. Bh4 Bg4 11. Ne5 Nbd7 12. Nxd7 Qxd7 13. 0-0 Rac8 14. Rac1 Nh5 15. Bxe7 Qxe7 16. Bf5 Bxf5 17. Qxf5 Nf6 18. a3 Qe6 19. Qxe6 fxe6 20. Na4 Ne4 21. Rc2 e5 22. Rd1 Rb8 23. Nc5 Nxc5 24. Rxc5 e4 25. b4 a6 26. Rdc1 Rbc8 27. a4 Red8 28. b5 axb5 29. axb5 Rd6 30. f4 Kf8 31. g4 Ke7 32. Kg2 Kd7 33. Rb1 Rf6 34. Kg3 Rff8 35. bxc6+ bxc6 36. Rb7+ Rc7 37. Rxc7+ Kxc7 38. Ra5 Kd6 39. Ra7 Rg8 40. h4 Ke6 41. f5+ Kd6 42. g5 g6 43. f6 hxg5 44. hxg5 Ke6 45. Re7+ Kf5 46. Re5# 1-0

[Event "St Petersburg op"]
[Site "St Petersburg"]
[Date "2007.10.29"]
[Round "3"]
[White "Pankov, German"]
[Black "Grigoriev, Yury Z"]
[Result "1-0"]
[WhiteElo "2367"]
[BlackElo "2143"]
[PlyCount "59"]
[EventDate "2007.10.27"]
[EventType "swiss"]
[EventRounds "9"]
[EventCountry "RUS"]
[SourceTitle "CBM 121 Extra"]
[Source "ChessBase"]
[SourceDate "2008.01.10"]
[SourceVersion "1"]
[SourceVersionDate "2008.01.10"]
[SourceQuality "1"]

1. d4 d5 2. Nf3 Nf6 3. c4 e6 4. g3 Be7 5. Bg2 0-0 6. 0-0 Nc6 7. Nc3 Ne4 8. Qc2 f5 9. cxd5 exd5 10. Qb3 Nxc3 11. Qxc3 Be6 12. Bf4 Bd6 13. Ng5 Qd7 14. Bxd6 Qxd6 15. Qc5 Qxc5 16. dxc5 Nd8 17. Nxe6 Nxe6 18. Bxd5 Kf7 19. Rfd1 Rad8 20. Bxb7 Nxc5 21. Bd5+ Ke7 22. Rac1 Na6 23. Rd3 Rf6 24. Re3+ Kd7 25. Bb7 Nb8 26. Ra3 Re8 27. Rxa7 Rxe2 28. Bf3 Rxb2 29. Rcxc7+ Kd6 30. Rxg7 1-0

[Event "St Petersburg-ch qf Seniors 80th"]
[Site "St Petersburg"]
[Date "2006.12.10"]
[Round "8"]
[White "Fedorov, Sergey"]
[Black "Grigoriev, Yury Z"]
[Result "1/2-1/2"]
[WhiteElo "2231"]
[BlackElo "2054"]
[PlyCount "63"]
[EventDate "2006.11.23"]
[EventType "swiss"]
[EventRounds "10"]
[EventCountry "RUS"]
[SourceTitle "EXT 2019"]
[Source "ChessBase"]
[SourceDate "2018.10.10"]
[SourceVersion "1"]
[SourceVersionDate "2018.10.10"]
[SourceQuality "1"]

1. e4 e6 2. d4 d5 3. Nd2 b6 4. exd5 exd5 5. Bd3 Nf6 6. Ne2 Bd6 7. 0-0 0-0 8. Ng3 Ba6 9. Nf3 Bxd3 10. Qxd3 Bxg3 11. hxg3 Ne4 12. c4 c6 13. Bf4 f6 14. Rac1 g5 15. cxd5 Qxd5 16. Rfe1 Nc5 17. Qb1 gxf4 18. dxc5 fxg3 19. fxg3 Nd7 20. Re7 Rf7 21. Rxf7 Qxf7 22. cxb6 axb6 23. Rxc6 Rxa2 24. Rc7 Ra5 25. Qe4 Rd5 26. Nh4 f5 27. Qe3 Qh5 28. Kh2 Ne5 29. Rc8+ Kg7 30. Rc7+ Kg8 31. Rc8+ Kg7 32. Rc7+ 1/2-1/2